000 00677nam a22002057a 4500
005 20100807113814.0
010 _aENG-98546
020 _a9788190825160
_c90.00
035 _aEN-82079
037 _bDBAD/PUB
082 _a615.32
100 _aAnitha, R
_98312
245 _aCommercially important medical plants /
_cby R. Anitha
260 _aPunnaikadu
_bNataraja Publication
_c2009
270 _bPunnaikadu
300 _a101p.
_c20cm (pbk)
650 _aMedicinal Plant
_98313
942 _2ddc
_cEN
_h615.32
_mANI
999 _c39993
_d39993